| 000 | 00671nam a2200217 a 4500 | ||
|---|---|---|---|
| 999 |
_c9752 _d9752 |
||
| 001 | 9752 | ||
| 003 | BD-JhCC | ||
| 005 | 20180324184144.0 | ||
| 008 | 180324s1974 bg |||| ||a| 000 0 b d | ||
| 035 | _a(BD-JhCC)9752 | ||
| 040 |
_aBD-JhCC _dBD-JhCC |
||
| 041 | _aben | ||
| 082 |
_a925 _bSHM 1974 |
||
| 100 | _aশর্মা, দ্বিজেন | ||
| 245 |
_aচার্লস ডারুইন পিতামহ, সুহৃদ, সহযাত্রী / _cদ্বিজেন শর্মা |
||
| 260 |
_aঢাকা: _bপ্রকাশ ভবন; _c1974. |
||
| 300 |
_a116 p. : _c21 cm. |
||
| 651 | _aBiography | ||
| 942 |
_2ddc _cBK |
||